000 00400cam a2200121 4500500
005 20250921012008.0
041 _afre
042 _adc
100 1 0 _aMiled Marouane, Ben
_eauthor
245 0 0 _aOpérer sur le continu
260 _bL'Académie tunisienne (Beït al-Hikma),
_c2005.
856 4 1 _uhttps://shs.cairn.info/operer-sur-le-continu--9789973490231?lang=fr&redirect-ssocas=7080
999 _c1509786
_d1509786